000 00628nam a2200229Ia 4500
003 OSt
005 20220926014009.0
006 a|||||r|||| 00| 0
007 ta
008 220923b |||||||| |||| 00| 0 eng d
037 _cGeneral Book
040 _aRTL
_cRTL
_beng
041 _2eng
_aeng
082 _aY11:45, K8
100 _aCicourel Aaron V
_9134216
245 0 _aSocial organization of juvenile justice
260 _aNew York
_bJohnWiley
_c1968
300 _axi, 345p
_ccm.
650 _aJuvenile Deliquency
942 _hY11:45, K8
_cGB
_2CC
999 _c627422
_d627422